Normal view
MARC view
- MICROCOMPUTER PROGRAMMING DBASE II- COMPUTER PROGARM WORDSTAR- COMPUTER PROGRAM LOTUS 1-2-3 COMPUTER PROGRAM
Entry Topical Term
001 - CONTROL NUMBER
- control field: 75084
003 - CONTROL NUMBER IDENTIFIER
- control field: NUST
005 - DATE AND TIME OF LATEST TRANSACTION
- control field: 20210628205342.0
008 - FIXED-LENGTH DATA ELEMENTS
- fixed length control field: 210628|| aca||aabn | a|a d
040 ## - CATALOGING SOURCE
- Original cataloging agency: NUST
- Transcribing agency: NUST
150 ## - HEADING--TOPICAL TERM
- Topical term or geographic name entry element: MICROCOMPUTER PROGRAMMING DBASE II- COMPUTER PROGARM WORDSTAR- COMPUTER PROGRAM LOTUS 1-2-3 COMPUTER PROGRAM
670 ## - SOURCE DATA FOUND
- Source citation: Work cat.: (NUST): Brightman, Richard.W Dimsdale, Jeffrey.M 75083, Using microcomputers tutorials for dbase iii + wordstar and 1-2-3, 1987
